| 000 | 00877cab a2200277 4500 | ||
|---|---|---|---|
| 001 | ABS56850 | ||
| 008 | 090401t1997 xxu||||| |||| 00| 0 eng d | ||
| 035 | _a(Sirsi) u78014 | ||
| 041 | _aeng | ||
| 245 | _aBusiness briefing: intranets - bridging the information gap | ||
| 260 | _c1997 | ||
| 350 | _a0 | ||
| 490 |
_aProperty Week _v59(3) 18 April 1997, 36-37(2) |
||
| 520 | _aA look at intranets - which allow computers within an organisation to share information. Considers how surveying firms can benefit from them. Case studies. | ||
| 650 | _aBUSINESS BRIEFING | ||
| 650 | _aCOMPUTER NETWORKS | ||
| 650 | _aDTZ | ||
| 650 | _aFRASER TRUST | ||
| 650 | _aINTERNET | ||
| 650 | _aINTRANET | ||
| 650 | _aJONES LANG WOOTTON | ||
| 650 | _aSURVEYING FIRMS | ||
| 690 | _aMANAGEMENT-BUSINESS MANAGEMENT-INFORMATION MANAGEMENT | ||
| 942 | _n0 | ||
| 948 | _c28/04/1997 | ||
| 999 |
_c49071 _d49071 |
||